000 00445nam a22001457a 4500
005 20180823120355.0
020 _a8170002702
_c675.00
035 _aB-31031, B-031032, B-031034
037 _aDPL
_bENG
100 _aBajpai, S. K.
245 _aPreservation and management of library collections /
_cby S K Bajpai
260 _aNew Delhi
_bEss Ess Publications
_c1999
300 _av, 322p.
_c18 cms.
942 _2ddc
_cEN
_h025
_mBAJ
999 _c63421
_d63421